000 01032cad a2200241 4500
001 L158716
008 110215n2013 000 0 eng u
020 _a9781783210305
035 _a(Sirsi) u158716
041 _aeng
100 1 _aHoxley, Mike
111 2 _aConstruction and Building Research Conference
_cIIT Delhi, New Delhi
_d10-12 September 2013
245 0 0 _aCoaching to enhance research performance
_bEmerging propositions from a built environment case study
_h[electronic resource]
260 _aLondon
_bRICS
_c2013
490 0 _aCOBRA
_v2013
520 _aA paper presented at the COBRA Conference in New Delhi on 10-12 September 2013. Reports on a case study which adopted an action research approach to study the use of coaching to enhance research performance in a built environment context.
650 2 4 _aCONSTRUCTION AND BUILDING RESEARCH CONFERENCE (COBRA)
650 2 4 _aRESEARCH AND DEVELOPMENT
650 2 4 _aCOACHING
651 4 _aUnited Kingdom
_y
690 _aBusiness and management
942 _n0
999 _c115472
_d115472